000 00830nam a22002297a 4500
999 _c20632
_d20632
003 AR-CdUCM
008 190221b ||||| |||| 00| 0 spa d
020 _a9972670023
040 _aMUNICIPALIDAD PROVINCIAL DEL CUSCO
_cBIBLIOTECA MUNICIPAL DEL CUSCO
082 _a985.004 /
_bF54
100 _aFisher, James
_941135
245 _a25.000 siglos de historia del mar :
_bLa fabulosa vida y conquista de los océanos /
260 _aBarcelona :
_bDaimon, Manuel Tamayo,
_c1957.
300 _a68 páginas ;
_c35 cm.
_bIlustraciones, Mapas
440 _aEnciclopedia juvenil del siglo XX
_943115
505 _aContenido: El mar y sus aguas -- El mar y su vida -- El mar desafía al hombre..
650 _aOcéanos
_9104
650 _aHistoria
_9136
700 _aMascaró, Ernesto
_927958
942 _2ddc
_cLIBROS
945 _arcc